Villages socialistes et habitat rural (notice nᵒ 15772)
[ vue normale ]
| 000 -LEADER | |
|---|---|
| fixed length control field | 00623nam a2200157Ia 4500 |
| 008 - FIXED-LENGTH DATA ELEMENTS--GENERAL INFORMATION | |
| fixed length control field | 160105s9999 xx 000 0 und d |
| 041 ## - LANGUAGE CODE | |
| Language code of text/sound track or separate title | fre |
| 110 ## - MAIN ENTRY--CORPORATE NAME | |
| Corporate name or jurisdiction name as entry element | Organisme national de la recherche scientifique |
| 245 ## - TITLE STATEMENT | |
| Title | Villages socialistes et habitat rural |
| 260 ## - PUBLICATION, DISTRIBUTION, ETC. | |
| Name of publisher, distributor, etc | Office des publications universitaires |
| 260 ## - PUBLICATION, DISTRIBUTION, ETC. | |
| Date of publication, distribution, etc | 1975 |
| 654 ## - SUBJECT ADDED ENTRY--FACETED TOPICAL TERM | |
| General subdivision | VILLAGE/SOCIOLOGIE/HABITAT/HABITAT RURAL/ALGERIE/INDUSTRIALISATION/DEVELOPPEMENT AGRICOLE/RECHERCHE/CONSTRUCTION DE BATIMENTS |
| 942 ## - ADDED ENTRY ELEMENTS (KOHA) | |
| Koha item type | Ouvrage |
| 994 ## - | |
| -- | 116308 |
| Withdrawn status | Lost status | Damaged status | Use restrictions | Not for loan | Home library | Current library | Cost, normal purchase price | Shelving control number | Total Checkouts | Total Renewals | Total Holds | Full call number | Barcode | Cost, replacement price | Koha item type |
|---|---|---|---|---|---|---|---|---|---|---|---|---|---|---|---|
| Bibliothèque Centrale | Bibliothèque Centrale | 0.00 | BC_1317 34 | BC_1317 34 | 0.00 | Ouvrage |